Universitas Estudiantes

Detalles Bibliográficos
Formato: eBook
Lenguaje:español
Publicado: [S.L.] : Pontificia Universidad Javeriana, 20? -
Materias:
Acceso en línea:Acceso restringido

MARC

LEADER 00000nam a22000007a 4500
005 20180503112435.0
007 cr|||| ||||
008 180503c20? 9999MX fr|| s|||| 0|||b1spa d
022 |a 1794-5216 
035 |a 21456 
040 |a vLex 
090 |c 7897  |d 7897 
245 0 0 |a Universitas Estudiantes  |h [Recurso electrn̤ico] 
256 |a Servicio en ln̕ea 
260 |a [S.L.] :  |b Pontificia Universidad Javeriana,  |c 20? - 
300 |a 1 recurso electrn̤ico 
506 |a Disponible solo en los productos indicados  |d vLex Global  |d vLex Global (Academic Edition, excluding Law Schools)  |d vLex Global (U.S. Academic Edition, Law Schools)  |d vLex Global (U.S. Academic Edition, excluding Law Schools)  |d vLex Global (Academic Edition, Law Schools) 
650 0 4 |a Derecho  |z Colombia 
740 0 |a vLex Revistas (Servicio en ln̕ea) 
856 4 0 |u http://vlex.com/source/universitas-estudiantes-21456  |z Acceso restringido 
942 |c REV 
999 0 |a Law